000 00689nmc a2200277 a 4500
003 AR-BaBNM
005 20251128210811.0
008 191020s1999 ||||||||||||||000 | spa||
020 _a950-03-7852-3
040 _cAR-BaBNM
100 1 _aStevenson, Robert Louis
_d1850-1894
245 1 0 _aSecuestrado
250 _a1ยช ed.
260 _aBuenos Aires
_bLosada
_c1999
300 0 _a359 p.
490 0 _aLa pajarita de papel
650 4 _aLITERATURA INGLESA
650 4 _aESCRITORES
650 4 _aSIGLO DIECINUEVE
653 0 _aNARRATIVA
653 0 _aNOVELA DE AVENTURAS
655 _aLITERATURA
700 1 _aCohen, Marcelo
_eprologuista
942 _cBK
998 _cMARTIN
999 _c16974
_d16974